000 00751nam a22002890a 4500
001 PT40231
003 AR-LpoUNG
005 20250227144806.0
008 191001s2006||||ag |||||||||||||||||spa d
020 _a9789870403203
_c$7
040 _aAR-LpoUNG
_bspa
_cAR-LpoUNG
_eaacr
041 0 _aspa
044 _aag
082 0 _a808.068 3 386cam
100 1 _aSchujer, Silvia
245 1 3 _aLa cámara oculta
250 _a2da. ed.
260 _aBuenos Aires :
_bAlfaguara,
_cenero de 2006.
300 _a198 p. :
_bil.
505 0 _aSugerido a partir de 12 años (etiqueta FUCSIA)
650 4 _aCUENTOS
650 4 _aLITERATURA
653 0 _aLITERATURA INFANTIL
700 1 _aBernasconi, Pablo
_eil.
905 _a40231
942 _cLIB
_2ddc
999 _c5768
_d5768